New progress to first certificate self- study student's book

Đã lưu trong:
书目详细资料
主要作者: Leo Jones
格式: 图书
语言:Undetermined
出版: Cambridge Univ. Pressenglish languagetextbooks for foreign speakersAnh ngữ thực hành 1997
标签: 添加标签
没有标签, 成为第一个标记此记录!
Thư viện lưu trữ: Trung tâm Học liệu Trường Đại học Cần Thơ
LEADER 00485nam a2200145Ia 4500
001 CTU_52171
008 210402s9999 xx 000 0 und d
020 |b 292000 
082 |a 428.24 
082 |b J78 
100 |a Leo Jones 
245 0 |a New progress to first certificate self- study student's book 
260 |b Cambridge Univ. Pressenglish languagetextbooks for foreign speakersAnh ngữ thực hành 
260 |c 1997 
980 |a Trung tâm Học liệu Trường Đại học Cần Thơ